Science Quiz

Random Science or Biology Quiz

Non-Mammals Starting with F Quiz Stats

 Plays Quiz not verified by Sporcle

Score 0/10 Timer 08:00
0 Plays Today
% Correct
Frog
100%
Flamingo
98.1%
Fly
97.5%
Flying Fish
82%
Finch
81.4%
Falcon
77.6%
Flounder
70.8%
Flea
70.2%
Firefly
47.2%
Frilled Lizard
46.6%

You're not logged in!

Compare scores with friends on all Sporcle quizzes.
OR
Log In

Show Comments

Extras

Top Quizzes Today


Score Distribution

Your Account Isn't Verified!

In order to create a playlist on Sporcle, you need to verify the email address you used during registration. Go to your Sporcle Settings to finish the process.

Report this User

Report this user for behavior that violates our Community Guidelines.

Details: